| 000 | 00399cam a2200169 4500 | ||
|---|---|---|---|
| 001 | D8015 | ||
| 008 | 090401t1975 xxu||||| |||| 00| 0 eng d | ||
| 035 | _a(Sirsi) u10779 | ||
| 041 | _aeng | ||
| 050 | _a333.33 | ||
| 245 | _aProperty market review 1975-76 | ||
| 260 |
_aEpping _bGower Press _c1975 |
||
| 300 | _axii. 319p. ill. maps. 30cm | ||
| 350 | _a19.95 | ||
| 942 | _n0 | ||
| 948 | _c04/03/1997 | ||
| 999 |
_c86773 _d86773 |
||